[Event "HUN-chT9899"]
[Site "HUN"]
[Date "1999.??.??"]
[Round "?"]
[White "Zila, Laszlo"]
[Black "Karolyi, Tibor Jr"]
[Result "0-1"]
[WhiteElo "2265"]
[BlackElo "2425"]
[PlyCount "30"]
[EventDate "1998.??.??"]
[Source "www.chesslib.no"]
[SourceDate "2004.05.04"]

1. e4 e5 2. f4 exf4 3. Nf3 h6 4. d4 g5 5. Nc3 Bg7 6. Bc4 d6 7. O-O Be6 8. Bxe6 fxe6 9. e5 Nc6 10. d5 exd5 11. e6 Nf6 12. h4 Qe7 13. hxg5 hxg5 14. Nxg5 Ne4 15. Nf3 Bxc3 0-1

[Event "II Campionato Italiano Lampo Online"]
[Site "playchess.com"]
[Date "2007.12.23"]
[Round "1.2"]
[White "Genocchio, Daniele"]
[Black "Stromboli, Carlo"]
[Result "0-1"]
[WhiteElo "2284"]
[BlackElo "2402"]
[PlyCount "102"]
[EventDate "2007.12.23"]
[Source "www.chesslib.no"]
[SourceDate "2004.05.04"]

1. e4 e5 2. f4 exf4 3. Nf3 h6 4. Bc4 g5 5. h4 Bg7 6. d3 Nc6 7. Nc3 d6 8. Nd5 Ne5 9. Bb3 Bg4 10. Bd2 c6 11. Nc3 Nf6 12. Qe2 Qd7 13. O-O-O O-O-O 14. hxg5 hxg5 15. Qf2 Bxf3 16. gxf3 Kb8 17. Ne2 Ng6 18. Rhg1 Rh5 19. Nd4 Nh4 20. Bc3 Rf8 21. Kb1 Ne8 22. Rde1 Be5 23. a4 Ng7 24. a5 Ne6 25. Nxe6 fxe6 26. Bxe5 dxe5 27. Qc5 Ng6 28. Re2 Rd8 29. Reg2 Qd6 30. Qf2 Qe7 31. Qe2 Nh4 32. Rg4 Rdh8 33. c3 Ng6 34. d4 Rh1 35. Qc4 Rxg1+ 36. Rxg1 Re8 37. Qc5 Qxc5 38. dxc5 Nh4 39. Rxg5 Nxf3 40. Rg7 Nd2+ 41. Kc2 Nxe4 42. Bc4 Nxc5 43. b4 Ne4 44. Rg6 f3 45. Bd3 Nf2 46. Rf6 e4 47. Bc4 Kc7 48. Kd2 Kd6 49. Ke3 Ng4+ 50. Kd4 Nxf6 51. Bf1 e5+ 0-1

[Event "Ljubljana Open"]
[Site "Ljubljana"]
[Date "1992.??.??"]
[Round "9"]
[White "Susnik, Matej"]
[Black "Barle, Janez"]
[Result "0-1"]
[WhiteElo "2255"]
[BlackElo "2430"]
[PlyCount "44"]
[EventDate "1992.04.??"]
[Source "www.chesslib.no"]
[SourceDate "2004.05.04"]

1. e4 e5 2. f4 exf4 3. Nf3 h6 4. Bc4 d6 5. h4 Nf6 6. Nc3 Bg4 7. d3 Nh5 8. Ne5 dxe5 9. Qxg4 Ng3 10. Bxf4 Nxh1 11. Qf5 Qd7 12. Qxe5+ Kd8 13. Nd5 Nc6 14. Qxc7+ Qxc7 15. Nxc7 Rc8 16. Nb5 a6 17. Nc3 g5 18. hxg5 hxg5 19. Bxg5+ Be7 20. Bxe7+ Kxe7 21. O-O-O Ng3 22. Nd5+ Kd6 0-1

[Event "Munich Open"]
[Site "Munich GER"]
[Date "1985.??.??"]
[Round "?"]
[White "Schmidt, Wlodzimierz"]
[Black "Reimer, Walter"]
[Result "0-1"]
[WhiteElo "2475"]
[BlackElo "2200"]
[PlyCount "88"]
[EventDate "1985.??.??"]
[Source "www.chesslib.no"]
[SourceDate "2004.05.04"]

1. e4 e5 2. f4 exf4 3. Nf3 h6 4. d4 g5 5. h4 Bg7 6. Bc4 d6 7. c3 Nc6 8. Na3 Bd7 9. Qe2 Qe7 10. Nb5 Bg4 11. Bd2 a6 12. Na3 Nf6 13. hxg5 hxg5 14. Rxh8+ Bxh8 15. O-O-O Nxe4 16. Bd5 Nxd2 17. Qxd2 Bxf3 18. Bxf3 Qd7 19. Re1+ Kf8 20. g3 Re8 21. Rxe8+ Qxe8 22. gxf4 gxf4 23. Nc2 Bg7 24. Kb1 Bh6 25. Qh2 Kg7 26. b3 Qe7 27. Kb2 Qg5 28. Qe2 Ne7 29. Bxb7 f3 30. Qf1 f2 31. Bxa6 Nf5 32. a4 Qd2 33. Qg2+ Bg5 34. Bd3 f6 35. Qe4 Qc1+ 36. Ka2 f1=Q 37. Bxf1 Qxf1 38. b4 Qf2 39. Kb3 d5 40. Qxd5 Qxc2+ 41. Kxc2 Ne3+ 42. Kd3 Nxd5 43. Kc4 Nb6+ 44. Kb5 f5 0-1

[Event "Debrecen-B"]
[Site "Debrecen"]
[Date "1993.??.??"]
[Round "8"]
[White "Beuchler, Holger"]
[Black "Siklosi, Zoltan"]
[Result "0-1"]
[WhiteElo "2265"]
[BlackElo "2390"]
[PlyCount "56"]
[EventDate "1993.??.??"]
[Source "www.chesslib.no"]
[SourceDate "2004.05.04"]

1. e4 e5 2. f4 exf4 3. Nf3 h6 4. d4 g5 5. Nc3 d6 6. g3 Nc6 7. gxf4 g4 8. Ng1 Qh4+ 9. Ke2 g3 10. Nf3 Bg4 11. Bg2 Bg7 12. Be3 gxh2 13. Kd3 Qh5 14. Qf1 f5 15. e5 dxe5 16. Nxe5 Bxe5 17. fxe5 Nge7 18. Bxc6+ Nxc6 19. Qf4 O-O-O 20. Rxh2 Qe8 21. Rxh6 Rxh6 22. Qxh6 Nxe5+ 23. Kd2 Nc4+ 24. Kd3 Nxb2+ 25. Kd2 Nc4+ 26. Kd3 Ne5+ 27. Kd2 Nf3+ 28. Kc1 Nxd4 0-1

[Event "Troll Masters"]
[Site "Gausdal"]
[Date "2002.01.04"]
[Round "1"]
[White "Westerinen, Heikki MJ"]
[Black "Tallaksen, Geir Sune"]
[Result "1-0"]
[WhiteElo "2412"]
[BlackElo "2235"]
[PlyCount "81"]
[EventDate "2002.01.04"]
[Source "ChessBase"]
[SourceDate "2002.03.14"]

1. e4 e5 2. f4 exf4 3. Nf3 h6 4. b3 Nf6 5. e5 Ne4 6. Bb2 Be7 7. Bc4 Bh4+ 8. Kf1 O-O 9. Qe2 d5 10. Bxd5 Nf2 11. Nxh4 Nxh1 12. Ng6 c6 13. Bc4 b5 14. e6 Bxe6 15. Nxf8 Bxc4 16. bxc4 Qh4 17. Kg1 Ng3 18. hxg3 fxg3 19. Qe3 Kxf8 20. Nc3 Nd7 21. Ne2 Qh2+ 22. Kf1 Qh1+ 23. Ng1 Qh4 24. Qd4 Qxd4 25. Bxd4 bxc4 26. Ne2 Nb6 27. Nxg3 Rd8 28. c3 Rd5 29. Rb1 Nd7 30. Rb7 a6 31. Ra7 c5 32. Be3 f5 33. Ne2 g5 34. g3 Rd6 35. Rc7 Rd5 36. Rc6 h5 37. Bxg5 Ne5 38. Rxa6 Nf3 39. Be3 Nxd2+ 40. Bxd2 Rxd2 41. Rf6+ 1-0

[Event "Memorial V.Doroshkevich (open)"]
[Site "Belorechensk (Russia)"]
[Date "2007.06.05"]
[Round "8"]
[White "Anoshkin Alexander (RUS)"]
[Black "Kruchev Boris (RUS)"]
[Result "1-0"]
[WhiteElo "2363"]
[BlackElo "2283"]
[PlyCount "41"]
[EventDate "2007.??.??"]
[Source "www.chesslib.no"]
[SourceDate "2004.05.04"]

1. e4 e5 2. f4 exf4 3. Nf3 h6 4. h4 Nf6 5. Nc3 d5 6. exd5 Be7 7. Bb5+ c6 8. dxc6 bxc6 9. Bc4 O-O 10. d4 Nh5 11. Ne2 Bg4 12. O-O Ng3 13. Nxg3 fxg3 14. Qd3 Nd7 15. Bxh6 Bf6 16. Ng5 Bxg5 17. Bxg5 Qb6 18. Kh1 Bh5 19. Rae1 Rfe8 20. Be7 Nf8 21. Qf5 1-0

[Event "Gausdal Classics IM-B"]
[Site "Gausdal"]
[Date "2001.04.17"]
[Round "3"]
[White "Westerinen, Heikki MJ"]
[Black "Tallaksen, Geir Sune"]
[Result "1-0"]
[WhiteElo "2412"]
[BlackElo "2233"]
[PlyCount "81"]
[EventDate "2001.04.15"]
[Source "ChessBase"]
[SourceDate "2001.07.03"]

1. e4 e5 2. f4 exf4 3. Nf3 h6 4. Bc4 d6 5. h4 Nf6 6. Nc3 Bg4 7. d4 Be7 8. Bxf4 Nh5 9. Be3 O-O 10. Qd2 Bxf3 11. gxf3 Bxh4+ 12. Kd1 Qf6 13. Qg2 Nf4 14. Bxf4 Qxf4 15. Nd5 Qg3 16. Qxg3 Bxg3 17. Rh3 Bf2 18. c3 Nc6 19. Ke2 Bxd4 20. cxd4 Nxd4+ 21. Kf2 Rfd8 22. Rg1 Kf8 23. Rhg3 g6 24. f4 c6 25. Ne3 Re8 26. Bd3 Ne6 27. f5 Nc5 28. Bc2 Nxe4+ 29. Bxe4 Rxe4 30. fxg6 Rf4+ 31. Rf3 Rxf3+ 32. Kxf3 fxg6 33. Rxg6 Rd8 34. Rxh6 Rd7 35. Nf5 d5 36. Kf4 Ke8 37. Rh8+ Kf7 38. Ke5 b5 39. Rc8 d4 40. Nxd4 Re7+ 41. Kf5 1-0

[Event "Monarch Assurance"]
[Site "?"]
[Date "2004.09.30"]
[Round "6"]
[White "Hutchinson Paul A"]
[Black "Jonkman Harmen"]
[Result "1-0"]
[WhiteElo "2216"]
[BlackElo "2425"]
[PlyCount "87"]
[EventDate "2004.??.??"]
[Source "www.chesslib.no"]
[SourceDate "2004.05.04"]

1. e4 e5 2. f4 exf4 3. Nf3 h6 4. d4 g5 5. Nc3 Bg7 6. g3 fxg3 7. hxg3 d6 8. Bc4 Bg4 9. Rf1 Bh5 10. Qd3 Nc6 11. Be3 a6 12. O-O-O Na5 13. Rd2 Ne7 14. a3 Nxc4 15. Qxc4 Qd7 16. d5 Bxf3 17. Rxf3 Ng6 18. Rf5 O-O-O 19. Bd4 Be5 20. Rd3 Kb8 21. b4 Bxd4 22. Rxd4 Ne5 23. Qf1 Rdg8 24. Nd1 h5 25. Ne3 g4 26. Ng2 Nf3 27. Rc4 Rg7 28. Qf2 Qe7 29. b5 axb5 30. Rb4 b6 31. Qe2 h4 32. gxh4 Nxh4 33. Nxh4 Qxh4 34. Qxb5 Qe1+ 35. Kb2 Qe3 36. Ra4 Qc5 37. Qa6 Qa5 38. Rxa5 bxa5 39. Qb5+ Kc8 40. e5 dxe5 41. Rxe5 Rg6 42. Re8+ Rxe8 43. Qxe8+ Kb7 44. Qxf7 1-0

[Event "Vejle op"]
[Site "Vejle"]
[Date "1974.??.??"]
[Round "1"]
[White "Madsen, Peder"]
[Black "Jacobsen, Bo"]
[Result "0-1"]
[WhiteElo "2200"]
[BlackElo "2435"]
[PlyCount "46"]
[EventDate "1974.??.??"]
[Source "ChessBase"]

1. e4 e5 2. f4 exf4 3. Nf3 h6 4. d4 g5 5. h4 Bg7 6. hxg5 hxg5 7. Rxh8 Bxh8 8. Nc3 d6 9. Bc4 Nc6 10. Nd5 Bg4 11. c3 Bh5 12. Kf2 Bg7 13. Bd2 Nf6 14. Nxf6+ Qxf6 15. Bb5 Kf8 16. e5 Qf5 17. Bxc6 bxc6 18. Qa4 g4 19. Qxc6 Re8 20. Qxc7 gxf3 21. Qxd6+ Kg8 22. Qc6 Rb8 23. b3 Qc2 0-1

[Event "Greenwood Open"]
[Site "Greenwood"]
[Date "1995.??.??"]
[Round "3"]
[White "Shaw, John K"]
[Black "Mannion, Stephen R"]
[Result "1/2-1/2"]
[WhiteElo "2280"]
[BlackElo "2355"]
[PlyCount "25"]
[EventDate "1995.??.??"]
[Source "www.chesslib.no"]
[SourceDate "2004.05.04"]

1. e4 e5 2. f4 exf4 3. Nf3 h6 4. b3 Nf6 5. e5 Ne4 6. Bb2 Be7 7. Be2 Bh4+ 8. Kf1 Be7 9. d3 Ng5 10. Qd2 O-O 11. Qxf4 d6 12. Nbd2 Nc6 13. d4 1/2-1/2

[Event "XXI Open, Cullera ESP"]
[Site "?"]
[Date "2001.??.??"]
[Round "6"]
[White "Jorge Bort, E."]
[Black "Pilgaard, K."]
[Result "0-1"]
[WhiteElo "2195"]
[BlackElo "2435"]
[PlyCount "100"]
[EventDate "2001.??.??"]
[Source "www.chesslib.no"]
[SourceDate "2004.05.04"]

1. e4 e5 2. f4 exf4 3. Nf3 h6 4. Bc4 d6 5. O-O g5 6. g3 Bh3 7. Re1 Qd7 8. d4 Bg7 9. c3 fxg3 10. hxg3 Nc6 11. Bb5 a6 12. Ba4 b5 13. Bc2 Nge7 14. Qd3 O-O 15. Nbd2 Bg4 16. Nh2 Bh5 17. Ndf1 Rfe8 18. Bd2 d5 19. g4 dxe4 20. Qg3 Bg6 21. Bxe4 Bxe4 22. Rxe4 f5 23. Re2 f4 24. Qg2 Ng6 25. Rae1 Nh4 26. Rxe8+ Rxe8 27. Rxe8+ Qxe8 28. Qd5+ Kh8 29. Nf3 Ne7 30. Qe4 Nxf3+ 31. Qxf3 Qc6 32. Nh2 Qe6 33. b3 c6 34. Kf2 Kg8 35. Qe2 Kf7 36. Qxe6+ Kxe6 37. Nf3 Nd5 38. b4 Nf6 39. Nh2 Kd5 40. Kf3 Kc4 41. Nf1 Kd3 42. Be1 Ne4 43. a3 Nxc3 44. Nd2 Bxd4 45. Nb3 Be3 46. Na5 c5 47. Nc6 c4 48. Ne5+ Kc2 49. Nf7 Nb1 50. Nxh6 Kd1 0-1

[Event "US-op"]
[Site "Concord"]
[Date "1995.??.??"]
[Round "8"]
[White "Martinez, Ibrahim"]
[Black "Levit, Roman"]
[Result "1-0"]
[WhiteElo "2350"]
[BlackElo "2275"]
[PlyCount "47"]
[EventDate "1995.??.??"]
[Source "www.chesslib.no"]
[SourceDate "2004.05.04"]

1. e4 e5 2. f4 exf4 3. Nf3 h6 4. d4 g5 5. h4 Bg7 6. g3 d5 7. gxf4 dxe4 8. Ne5 Nd7 9. hxg5 Nxe5 10. fxe5 h5 11. Nc3 Bg4 12. Be2 Bxe2 13. Qxe2 Qxd4 14. Be3 Qxe5 15. O-O-O Ne7 16. Rh4 Rd8 17. Rxe4 Rxd1+ 18. Qxd1 Qf5 19. Nd5 Be5 20. Rxe5 Qxe5 21. Nf6+ Qxf6 22. gxf6 Ng6 23. Bxa7 O-O 24. Qxh5 1-0

[Event "Salogernas Elo"]
[Site "Salogernas"]
[Date "1994.??.??"]
[Round "?"]
[White "Furhoff, Johan"]
[Black "Andersson, Mats"]
[Result "0-1"]
[WhiteElo "2320"]
[BlackElo "2305"]
[PlyCount "50"]
[EventDate "1994.??.??"]
[Source "www.chesslib.no"]
[SourceDate "2004.05.04"]

1. e4 e5 2. f4 exf4 3. Nf3 h6 4. d4 g5 5. Nc3 Bg7 6. h4 d6 7. hxg5 hxg5 8. Rxh8 Bxh8 9. Bc4 Nc6 10. Nd5 Bg4 11. c3 Nf6 12. Qb3 Na5 13. Nxf6+ Bxf6 14. Bxf7+ Kf8 15. Qa4 Kxf7 16. Qxa5 c5 17. Qb5 Qe7 18. Bd2 Qxe4+ 19. Kf2 Rh8 20. Re1 Qd5 21. Qd3 c4 22. Qb1 Bxf3 23. gxf3 g4 24. Re4 Rh2+ 25. Kg1 Qh5 0-1

[Event "It (Open) Leiden NED"]
[Site "?"]
[Date "2006.02.25"]
[Round "2"]
[White "Van Eijk Sander"]
[Black "Jonkman Harmen"]
[Result "0-1"]
[WhiteElo "2145"]
[BlackElo "2470"]
[PlyCount "84"]
[EventDate "2006.??.??"]
[Source "www.chesslib.no"]
[SourceDate "2004.05.04"]

1. e4 e5 2. f4 exf4 3. Nf3 h6 4. b3 Be7 5. Bb2 Bh4+ 6. g3 fxg3 7. Bg2 gxh2+ 8. Kf1 Bf6 9. e5 Be7 10. Qe2 Kf8 11. Nc3 d5 12. exd6 Bxd6 13. Ne4 Be7 14. Re1 Nd7 15. Rxh2 a5 16. Nd4 Ndf6 17. Ng5 Qd6 18. Qc4 Qf4+ 19. Ngf3 g5 20. Kg1 c5 21. Rh4 Qg3 22. Ne2 Qxe1+ 23. Nxe1 gxh4 24. Qxh4 Rh7 25. Qf4 Rg7 26. Ng3 Rg4 27. Qc7 Be6 28. Nd3 Rc8 29. Qe5 c4 30. Nf4 Rc5 31. Qb8+ Ne8 32. Nxe6+ fxe6 33. Ne4 Rf5 34. Qxb7 Ngf6 35. Bxf6 Nxf6 36. Qc8+ Kf7 37. Nxf6 Bxf6 38. Qb7+ Be7 39. bxc4 Rfg5 40. d4 Rxg2+ 41. Kf1 Rxc2 42. c5 Rd5 0-1

[Event "XIX Czech Chladek & Tintera A Open"]
[Site "Pardubice CEC"]
[Date "2008.07.19"]
[Round "2"]
[White "Koepke, C."]
[Black "Volosin, V."]
[Result "1/2-1/2"]
[WhiteElo "2330"]
[BlackElo "2278"]
[PlyCount "28"]
[EventDate "2008.07.18"]
[Source "www.chesslib.no"]
[SourceDate "2004.05.04"]

1. e4 e5 2. f4 exf4 3. Nf3 h6 4. b3 c6 5. Bb2 d5 6. Qe2 dxe4 7. Qxe4+ Qe7 8. Qxe7+ Nxe7 9. Nc3 Bf5 10. O-O-O Nd7 11. Ne2 Nd5 12. Ned4 Bh7 13. Re1+ Kd8 14. Bc4 Be7 1/2-1/2

[Event "Copenhagen Open"]
[Site "Copenhagen DEN"]
[Date "1991.??.??"]
[Round "6"]
[White "Furhoff, Johan"]
[Black "Norgaard, Jesper"]
[Result "1/2-1/2"]
[WhiteElo "2295"]
[BlackElo "2305"]
[PlyCount "54"]
[EventDate "1991.06.??"]
[Source "www.chesslib.no"]
[SourceDate "2004.05.04"]

1. e4 e5 2. f4 exf4 3. Nf3 h6 4. d4 g5 5. Nc3 Bg7 6. g3 fxg3 7. h4 g4 8. Ng1 d5 9. exd5 Nf6 10. Bg2 O-O 11. Nge2 Nbd7 12. Bf4 Nb6 13. Qd2 Nc4 14. Qc1 Nh5 15. b3 Nd6 16. Bxh6 Qf6 17. Be3 Nf5 18. Bg5 Qb6 19. Na4 Qd6 20. Nc5 Nxd4 21. Ne4 Qe5 22. Nxd4 Qxd4 23. c3 Qe5 24. Be3 f5 25. Bd4 Qf4 26. Be3 Qe5 27. Bd4 Qf4 1/2-1/2

[Event "Werfen Open"]
[Site "Werfen"]
[Date "1992.??.??"]
[Round "2"]
[White "Tagnon, Nicole"]
[Black "Klovans, Janis"]
[Result "0-1"]
[WhiteElo "2130"]
[BlackElo "2470"]
[PlyCount "82"]
[EventDate "1992.??.??"]
[Source "www.chesslib.no"]
[SourceDate "2004.05.04"]

1. e4 e5 2. f4 exf4 3. Nf3 h6 4. Bc4 d6 5. O-O Nc6 6. d4 g5 7. g3 Bg7 8. c3 g4 9. Nh4 f3 10. Bf4 Nf6 11. Nd2 O-O 12. b4 d5 13. Bd3 dxe4 14. Nxe4 Nd5 15. Qd2 Nxf4 16. Qxf4 f5 17. Bc4+ Kh7 18. Nf2 Qd6 19. Qxd6 cxd6 20. Bd3 h5 21. Rae1 a6 22. a4 Kh6 23. Nd1 Bd7 24. b5 axb5 25. axb5 Nxd4 26. cxd4 Bxd4+ 27. Kh1 Ra3 28. Bc4 Be5 29. Nf2 Rc8 30. Bd3 Kg5 31. Rc1 Rxc1 32. Rxc1 Bd4 33. Nh3+ gxh3 34. Nxf3+ Kf6 35. Be2 Be3 36. Rd1 Bc5 37. Nh4 Ra2 38. Bxh5 Bxb5 39. Bf3 Bc6 40. Rf1 Bxf3+ 41. Nxf3 Rf2 0-1

[Event "Helsinki op2"]
[Site "Helsinki"]
[Date "1999.??.??"]
[Round "5"]
[White "Holmsten, Aleksei"]
[Black "Koskela, Niina"]
[Result "1-0"]
[WhiteElo "2373"]
[BlackElo "2213"]
[PlyCount "99"]
[EventDate "1999.??.??"]
[Source "www.chesslib.no"]
[SourceDate "2004.05.04"]

1. e4 e5 2. f4 exf4 3. Nf3 h6 4. h4 d6 5. d4 Nf6 6. Qd3 d5 7. exd5 Nxd5 8. c4 Nb4 9. Qe4+ Qe7 10. Qxe7+ Bxe7 11. Na3 Bf5 12. Bxf4 c6 13. Kf2 Nd7 14. Re1 Nf6 15. c5 Nbd5 16. Bc1 Ne4+ 17. Kg1 Ng3 18. Rh2 Nxf1 19. Kxf1 Kf8 20. Kf2 Nb4 21. Kg1 Nd3 22. Rf1 Nxc1 23. Rxc1 Rd8 24. Nc4 Be6 25. g3 g6 26. b4 Kg7 27. Rd2 g5 28. Ne3 Bf6 29. Rcd1 Bd5 30. Ne5 Rhe8 31. Nf5+ Kh7 32. Nd6 Rg8 33. h5 g4 34. Ndxf7 Rdf8 35. Rf1 Bxe5 36. Nxe5 Bf3 37. Rdf2 Rg5 38. Nxg4 Rxg4 39. Rxf3 Rxf3 40. Rxf3 Kg7 41. Rd3 Kf7 42. Kf2 Rg5 43. Rf3+ Ke7 44. Re3+ Kf7 45. Re5 Rg4 46. Rf5+ Ke6 47. Rf4 Rg7 48. Kf3 Kd5 49. Rf6 Rh7 50. Kf4 1-0

[Event "Nuremberg Open"]
[Site "Nuerenberg GER"]
[Date "1989.??.??"]
[Round "?"]
[White "Seibold, Hubert"]
[Black "Mathe, Gaspar"]
[Result "1-0"]
[WhiteElo "2220"]
[BlackElo "2355"]
[PlyCount "89"]
[EventDate "1989.??.??"]
[Source "www.chesslib.no"]
[SourceDate "2004.05.04"]

1. e4 e5 2. f4 exf4 3. Nf3 h6 4. d4 g5 5. Bc4 d6 6. h4 Bg7 7. hxg5 hxg5 8. Rxh8 Bxh8 9. Kf2 g4 10. Qh1 Qf6 11. e5 Qg7 12. Ng5 Qxg5 13. Qxh8 Nc6 14. Nc3 g3+ 15. Kg1 dxe5 16. Ne4 Qg6 17. dxe5 Be6 18. Bd3 O-O-O 19. Nd6+ Rxd6 20. exd6 Qg5 21. Bd2 Ne5 22. Rf1 Ng4 23. Rxf4 f6 24. d7+ Kd8 25. b4 N4h6 26. Qh7 Qh5 27. Qe4 Qh2+ 28. Kf1 Qh1+ 29. Ke2 Bxd7 30. Rh4 Bg4+ 31. Rxg4 Nxg4 32. Qxg4 Qxg2+ 33. Kd1 Qg1+ 34. Be1 Ne7 35. Qxg3 Qd4 36. Bf2 Qa1+ 37. Kd2 Qxa2 38. Bc5 Qe6 39. Bxe7+ Qxe7 40. Qg8+ Kd7 41. Qd5+ Qd6 42. Qxb7 Qh2+ 43. Kc3 Qe5+ 44. Kb3 Qe3 45. Qd5+ 1-0

[Event "Malmo SWE"]
[Site "?"]
[Date "2005.03.11"]
[Round "9"]
[White "Semcesen Daniel"]
[Black "Ong Kez"]
[Result "0-1"]
[WhiteElo "2203"]
[BlackElo "2363"]
[PlyCount "104"]
[EventDate "2005.??.??"]
[Source "www.chesslib.no"]
[SourceDate "2004.05.04"]

1. e4 e5 2. f4 exf4 3. Nf3 h6 4. b3 c6 5. Bb2 d5 6. exd5 cxd5 7. Bb5+ Bd7 8. Qe2+ Qe7 9. Nc3 Qxe2+ 10. Kxe2 Nf6 11. Rae1 Bd6 12. Kd1+ Kd8 13. Bxd7 Nbxd7 14. Nb5 Bb8 15. Ne5 Nxe5 16. Bxe5 Bxe5 17. Rxe5 Kd7 18. Rf5 Rhe8 19. Rxf4 Re4 20. Rxe4 dxe4 21. Ke2 a6 22. Nd4 g6 23. Rf1 Ke7 24. Rf4 Rd8 25. c3 Rd5 26. a4 Re5 27. Nc2 Nd5 28. Rf2 f5 29. Ne3 Nxe3 30. Kxe3 Rd5 31. b4 Rd3+ 32. Ke2 Ke6 33. Rf1 h5 34. a5 h4 35. Rb1 h3 36. g3 g5 37. b5 Ke5 38. bxa6 bxa6 39. Rb8 Rd5 40. Rg8 g4 41. Re8+ Kf6 42. Ke3 Rxa5 43. Kf4 Rd5 44. Ra8 a5 45. Ra6+ Ke7 46. c4 Rxd2 47. Kxf5 Rxh2 48. Kxg4 Ra2 49. Kxh3 e3 50. Rb6 e2 51. Rb1 a4 52. g4 a3 0-1

[Event "Kecskemet Open"]
[Site "Kecskemet HUN"]
[Date "1985.??.??"]
[Round "4"]
[White "Lenart, Endre"]
[Black "Mathe, Gaspar"]
[Result "1/2-1/2"]
[WhiteElo "2265"]
[BlackElo "2300"]
[PlyCount "60"]
[EventDate "1985.??.??"]
[Source "www.chesslib.no"]
[SourceDate "2004.05.04"]

1. e4 e5 2. f4 exf4 3. Nf3 h6 4. d4 g5 5. h4 Bg7 6. hxg5 hxg5 7. Rxh8 Bxh8 8. g3 g4 9. Nh2 fxg3 10. Qxg4 Kf8 11. Nf3 d5 12. Qh5 Bg7 13. e5 c5 14. Ng5 Be6 15. Nxe6+ fxe6 16. Qf3+ Ke8 17. Qxg3 Qe7 18. Bg5 Qf7 19. Nc3 a6 20. O-O-O Nc6 21. Nxd5 exd5 22. e6 Qg6 23. Bd3 Qh5 24. Bd2 Kf8 25. Rg1 Qh8 26. Qg6 Nh6 27. Bf4 c4 28. Bd6+ Kg8 29. Bf5 Nxd4 30. e7 Nhxf5 1/2-1/2

[Event "Hessen-ch int 1st"]
[Site "Willingen"]
[Date "1999.07.09"]
[Round "4"]
[White "Rechel, Ralf"]
[Black "Wehmeier, Stefan"]
[Result "1-0"]
[WhiteElo "2127"]
[BlackElo "2428"]
[PlyCount "55"]
[EventDate "1999.07.??"]
[Source "www.chesslib.no"]
[SourceDate "2004.05.04"]

1. e4 e5 2. f4 exf4 3. Nf3 h6 4. d4 g5 5. h4 Bg7 6. hxg5 hxg5 7. Rxh8 Bxh8 8. g3 g4 9. Nh2 fxg3 10. Qxg4 Nf6 11. Qh4 Bg7 12. Nf3 Qe7 13. Nc3 d5 14. e5 Bg4 15. Bg2 Nc6 16. Nxd5 Nxd5 17. Qxg4 Qb4+ 18. c3 Nxc3 19. Qxg7 O-O-O 20. a3 Qb3 21. Qg4+ Kb8 22. Nd2 Qc2 23. Bxc6 bxc6 24. bxc3 Qxc3 25. Rb1+ Ka8 26. Qf3 g2 27. Qxg2 Rh8 28. Kd1 1-0

[Event "Aarhus-C"]
[Site "Aarhus DEN"]
[Date "1993.??.??"]
[Round "5"]
[White "Sogaard, Soren"]
[Black "Alkaersig, Ole"]
[Result "1-0"]
[WhiteElo "2290"]
[BlackElo "2265"]
[PlyCount "75"]
[EventDate "1993.??.??"]
[Source "www.chesslib.no"]
[SourceDate "2004.05.04"]

1. e4 e5 2. f4 exf4 3. Nf3 h6 4. Bc4 d6 5. b4 Be7 6. d3 Bh4+ 7. Kf1 Bf6 8. c3 g5 9. Qb3 Qd7 10. h4 g4 11. Ng1 b5 12. Bd5 c6 13. Bxf4 cxd5 14. Qxd5 Bb7 15. Qxd6 Qxd6 16. Bxd6 Nc6 17. a4 a6 18. axb5 axb5 19. Rxa8+ Bxa8 20. Ke2 Kd7 21. Bc5 Nd8 22. Ke3 Ne7 23. Ne2 Ng6 24. Bd4 Ne5 25. Na3 Bc6 26. Rf1 Bg7 27. Bxe5 Bxe5 28. d4 Bb8 29. d5 Bb7 30. Nxb5 Re8 31. c4 Be5 32. Kd3 f6 33. Nbd4 Nf7 34. c5 Kc7 35. Ne6+ Kb8 36. b5 Bc8 37. N2d4 Re7 38. Nc6+ 1-0

[Event "Bratto op"]
[Site "Bratto"]
[Date "1997.??.??"]
[Round "1"]
[White "Belotti, Bruno"]
[Black "Barbieri, Giovanni"]
[Result "1-0"]
[WhiteElo "2405"]
[BlackElo "2150"]
[PlyCount "55"]
[EventDate "1997.??.??"]
[Source "www.chesslib.no"]
[SourceDate "2004.05.04"]

1. e4 e5 2. f4 exf4 3. Nf3 h6 4. b3 d6 5. Bb2 Nd7 6. Nc3 Ngf6 7. Qe2 Ne5 8. O-O-O c6 9. d4 Nxf3 10. gxf3 Qa5 11. d5 Nd7 12. Qd2 Be7 13. Kb1 Bf6 14. dxc6 bxc6 15. Qxd6 Bxc3 16. Bh3 Bxb2 17. Bxd7+ Bxd7 18. Qxd7+ Kf8 19. Kxb2 Qc5 20. Qb7 Re8 21. Rd7 Qe5+ 22. Kb1 Qh5 23. Rhd1 Kg8 24. R1d3 c5 25. Rc7 Qe5 26. Qxa7 c4 27. Rxc4 Kh7 28. Qc5 1-0

[Event "Copenhagen Open 16th"]
[Site "Copenhagen DEN"]
[Date "1994.??.??"]
[Round "9"]
[White "Furhoff, Johan"]
[Black "Juergens, Peter"]
[Result "1/2-1/2"]
[WhiteElo "2320"]
[BlackElo "2235"]
[PlyCount "61"]
[EventDate "1994.06.??"]
[Source "www.chesslib.no"]
[SourceDate "2004.05.04"]

1. e4 e5 2. f4 exf4 3. Nf3 h6 4. d4 g5 5. Nc3 d6 6. g3 fxg3 7. h4 g4 8. Ng1 Be7 9. h5 g2 10. Bxg2 Bh4+ 11. Ke2 Bg5 12. Bxg5 Qxg5 13. Qd2 Nc6 14. Nd5 Kd8 15. c3 Nce7 16. Rf1 Nxd5 17. exd5 f5 18. Kd1 Bd7 19. Ne2 Qxd2+ 20. Kxd2 Ke7 21. Nf4 Kf6 22. c4 Re8 23. c5 Kg5 24. c6 bxc6 25. dxc6 Be6 26. Rf2 Rh7 27. Re1 Bf7 28. Ref1 Ne7 29. Re1 Ng8 30. Ref1 Ne7 31. Re1 1/2-1/2

[Event "SWE-chB2"]
[Site "Linkoping"]
[Date "1996.??.??"]
[Round "?"]
[White "Thornert, Hakan"]
[Black "Hjelm, Niclas"]
[Result "0-1"]
[WhiteElo "2215"]
[BlackElo "2325"]
[PlyCount "114"]
[EventDate "1996.??.??"]
[Source "www.chesslib.no"]
[SourceDate "2004.05.04"]

1. e4 e5 2. f4 exf4 3. Nf3 h6 4. d4 g5 5. Nc3 Bg7 6. g3 fxg3 7. hxg3 d6 8. Bc4 Bg4 9. Rf1 Qd7 10. Qd3 Bh5 11. Bd2 Nc6 12. O-O-O Nge7 13. Rde1 O-O-O 14. Bb5 a6 15. Ba4 d5 16. exd5 Nxd5 17. Nxd5 Qxd5 18. c4 Qd6 19. Bxc6 Qxc6 20. d5 Bg6 21. Qb3 Qd6 22. Qe3 Qd7 23. Ne5 Bxe5 24. Qxe5 Qa4 25. b3 Qxa2 26. Qb2 Qxb2+ 27. Kxb2 Rde8 28. Bc3 Rhg8 29. Bf6 Kd7 30. Kc3 Rxe1 31. Rxe1 Re8 32. Rxe8 Kxe8 33. Bg7 h5 34. Bf6 g4 35. b4 b6 36. Kd4 Kd7 37. c5 bxc5+ 38. bxc5 c6 39. Ke5 a5 40. d6 a4 41. Kd4 Ke6 42. Bh4 Bf5 43. Kc4 Ke5 44. Kb4 Kd5 45. Be7 Bd7 46. Kxa4 Kxc5 47. Ka5 f5 48. Ka6 Kd5 49. Kb6 f4 50. Kc7 fxg3 51. Kxd7 g2 52. Ke8 g1=Q 53. d7 Qb6 54. d8=Q+ Qxd8+ 55. Bxd8 g3 56. Bh4 g2 57. Bf2 c5 0-1

[Event "BL2-S 9394"]
[Site "GER"]
[Date "1994.??.??"]
[Round "?"]
[White "Zuse, Klaus-Peter"]
[Black "Meyer, Friedhelm"]
[Result "1-0"]
[WhiteElo "2240"]
[BlackElo "2300"]
[PlyCount "63"]
[EventDate "1993.10.??"]
[Source "www.chesslib.no"]
[SourceDate "2004.05.04"]

1. e4 e5 2. f4 exf4 3. Nf3 h6 4. d4 g5 5. Nc3 d6 6. g3 fxg3 7. h4 g4 8. Ng1 Be7 9. Bg2 Bxh4 10. Bf4 h5 11. Nge2 Bf6 12. Nxg3 h4 13. Nf5 h3 14. Qxg4 Bxf5 15. exf5 Bh4+ 16. Kd2 hxg2 17. Qxg2 Nc6 18. Rag1 Qf6 19. Qe4+ Kd7 20. Be3 Nge7 21. Rg4 Rae8 22. d5 Ne5 23. Qa4+ Kd8 24. Rf4 Bf2 25. Rxf2 Rxh1 26. Ne4 Rh4 27. Qxe8+ Kxe8 28. Nxf6+ Kf8 29. Bg5 Rh3 30. b3 Nf3+ 31. Rxf3 Rxf3 32. Bh6# 1-0